00352nam a2200169Ia 4500003000900000008004100009040001300050040001300063041000800076100001700084245003700101250001100138260000800149260000900157300001000166490000600176IT-RoPAU120407s9999 xx 000 0 und d aIT-RoPAU cIT-RoPAU aita aPio Paschini aLezioni di storia ecclesiastica  aTorino aSei c1952 c23 cm v1